Successful services exporting : A handbook for firms, associations and governments (Record no. 44027)

MARC details
000 -LEADER
fixed length control field 00344nam a2200109Ia 4500
020 ## - INTERNATIONAL STANDARD BOOK NUMBER
ISBN 9291372064
082 ## - DEWEY DECIMAL CLASSIFICATION NUMBER
Classification number 339.564(035)
Item number ITC
245 #0 - TITLE STATEMENT
Title Successful services exporting : A handbook for firms, associations and governments
260 ## - PUBLICATION, DISTRIBUTION, ETC. (IMPRINT)
Place of publication Geneva
Name of publisher International Trade Centre
Year of publication 2001
942 ## - ADDED ENTRY ELEMENTS (KOHA)
Koha item type Books
Holdings
Withdrawn status Lost status Damaged status Not for loan Home library Current library Date acquired Source of acquisition Full call number Accession Number Koha item type
        RRII Library RRII Library 16/12/2021 Gift 339.564(035) ITC G00775 Books